| 000 | 01356pam a2200301 a 4500 | ||
|---|---|---|---|
| 001 | 2616980 | ||
| 003 | NUST-PNEC | ||
| 005 | 20170116180741.0 | ||
| 008 | 980805s1999 ctua b 001 0 eng | ||
| 010 | _a 98040461 | ||
| 020 | _a1884777694 | ||
| 040 |
_aDLC _cPNEC _dDLC |
||
| 050 | 0 | 0 |
_aQA76.9.A25 _bR66 1999 |
| 082 | 0 | 0 |
_a005.82 ROS _221 |
| 100 | 1 |
_aRosing, Michael, _d1954- |
|
| 245 | 1 | 0 |
_aImplementing elliptic curve cryptography / _cMichael Rosing. |
| 246 | 3 | 0 | _aElliptic curve cryptography |
| 260 |
_aGreenwich : _bManning, _cc1999. |
||
| 300 |
_axiv, 313 p. : _bill. ; _c23 cm. |
||
| 504 | _aIncludes bibliographical references and index. | ||
| 650 | 0 | _aComputer security. | |
| 650 | 0 |
_aData encryption (Computer science) _xComputer, MIS |
|
| 650 | 0 |
_aCurves, Elliptic _xData processing. |
|
| 856 | 4 | 2 | _uhttp://www.amazon.com/Implementing-Elliptic-Cryptography-Michael-Rosing/dp/1884777694/ref=sr_1_1?s=books&ie=UTF8&qid=1418713779&sr=1-1&keywords=1884777694 |
| 906 |
_a7 _bcbc _corignew _d1 _eocip _f19 _gy-gencatlg |
||
| 942 |
_2ddc _cBK |
||
| 999 |
_c62192 _d62192 |
||